Exploring social psychology

Bibliographic Details
Main Author: Myers, David G
Format: Book
Published: New York : McGraw-Hill , 1994
Subjects:

MARC

LEADER 00000cam a2200000 7i4500
001 0000002421
002 000002638
005 20000330.0
020 |a 0070442967 
090 0 0 |a 302   |b MYE 
100 1 |a Myers, David G 
245 1 0 |a Exploring social psychology   |c David G. Myers 
260 |a New York :   |b McGraw-Hill ,   |c 1994 
300 |a 428p. ;   |c 23cm. 
650 0 0 |a Social psychology 
999 |a 036104   |b BUKU   |c PINJAMAN   |e PERPUSTAKAAN KOMUNITI PETALING JAYA